Learning Resource and Development

Beginning jOOQ : (Record no. 30503)

MARC details
000 -LEADER
fixed length control field 02335nam a2200301 i 4500
003 - CONTROL NUMBER IDENTIFIER
control field CSPC
005 - DATE AND TIME OF LATEST TRANSACTION
control field 20250917124408.0
008 - FIXED-LENGTH DATA ELEMENTS--GENERAL INFORMATION
fixed length control field 250911s2022 nyua 001 0 eng d
020 ## - INTERNATIONAL STANDARD BOOK NUMBER
International Standard Book Number 9781484274309
040 ## - CATALOGING SOURCE
Language of cataloging eng
Transcribing agency CSPC
Original cataloging agency CSPC
Description conventions rda
050 04 - LIBRARY OF CONGRESS CALL NUMBER
Classification number QA76.9.D3
Item number .K654 2022
082 04 - DEWEY DECIMAL CLASSIFICATION NUMBER
Classification number 005.75
Item number K832b
Edition number 23
100 1# - MAIN ENTRY--PERSONAL NAME
Personal name Koleoso, Tayo,
Relator term author.
245 10 - TITLE STATEMENT
Title Beginning jOOQ :
Remainder of title learn to write efficient and effective java-based SQL database operations /
Statement of responsibility, etc. Tayo Koleoso.
264 #1 - PRODUCTION, PUBLICATION, DISTRIBUTION, MANUFACTURE, AND COPYRIGHT NOTICE
Place of production, publication, distribution, manufacture New York :
Name of producer, publisher, distributor, manufacturer Apress,
Date of production, publication, distribution, manufacture, or copyright notice 2022.
300 ## - PHYSICAL DESCRIPTION
Extent ix, 214 pages :
Other physical details illustrations ;
Dimensions 24 cm.
336 ## - CONTENT TYPE
Source rdacontent
Content type term text
337 ## - MEDIA TYPE
Source rdamedia
Media type term unmediated
338 ## - CARRIER TYPE
Source rdacarrier
Carrier type term volume
500 ## - GENERAL NOTE
General note Includes index.
505 0# - FORMATTED CONTENTS NOTE
Formatted contents note Welcome to jOOQ -- Getting started with jOOQ -- Working with jOOQ -- Integrating with jOOQ -- Packaging and testing jOOQ.
520 ## - SUMMARY, ETC.
Summary, etc. "Learn to use the jOOQ library to manage SQL database operations in Java and JVM applications. This book walks you through what JOOQ is, how to install and get started with it, and then gets you working with it. Practical examples and case studies demonstrate how jOOQ offers a more efficient and versatile alternative to Object-Relational Mapping frameworks like Hibernate and JPA, while providing a natural, native-SQL feeling for the developer. You'll see how to maximize the full potential of your SQL database with advanced query syntax and functions with this lightweight, SQL-friendly framework. Come see how you can use high performance approaches like reactive, data streaming and cloud-native programming to get data from SQL tables. Never write another incorrect SQL statement again and protect your application from SQL injection with the strong typing and inbuilt controls in jOOQ. Learn how to add jOOQ to your existing Hibernate, Spring Boot or Quarkus applications. When you’ve completed this book, you will be able to take the knowledge you’ve gained, along with the freely available source code, and directly apply them to your own work." -- Back cover
650 #0 - SUBJECT ADDED ENTRY--TOPICAL TERM
Topical term or geographic name entry element Object-oriented databases.
650 #0 - SUBJECT ADDED ENTRY--TOPICAL TERM
Topical term or geographic name entry element Querying (Computer science).
650 #0 - SUBJECT ADDED ENTRY--TOPICAL TERM
Topical term or geographic name entry element Java (Computer program language).
942 ## - ADDED ENTRY ELEMENTS (KOHA)
Source of classification or shelving scheme Dewey Decimal Classification
Suppress in OPAC No
Koha item type Books
Item part K832b
Call number prefix GRD
Call number suffix 2022
Classification part 005.75
Edition 23
Holdings
Withdrawn status Lost status Source of classification or shelving scheme Damaged status Not for loan Home library Current library Shelving location Date acquired Total Checkouts Full call number Barcode Date last seen Copy number Price effective from Koha item type
    Dewey Decimal Classification     Main Library Main Library Graduate School Library 09/11/2025   GRD 005.75 K832b 2022 030244 09/11/2025 1-2 09/11/2025 Books
    Dewey Decimal Classification     Main Library Main Library Graduate School Library 09/16/2025   GRD 005.75 K832b 2022 030245 09/16/2025 2-2 09/16/2025 Books